000 00696nam a22002297a 4500
003 UA-OsUOA
001 75798
007 ta
008 20110531b un ||||| |||| 00| 0 ukr d
090 _a82.09(477)
_bО-87
942 _cBK
040 _aUA-OsUOA
_bukr
_cUA-OsUOA
_dUA-OsUOA
245 _aОтут я походив. (Малишко і Обухівщина)
_cупоряд. і ред. Ю.К.Домотенко
300 _a128 с.
955 _a2
041 _aukr
080 _a82.09(477)
020 _a966-686-036-8
260 _aОбухів
_bОбухівський край
_c2007
650 7 _a82 Література. Літературознавство
_2UDC
999 _c362102
_d362102